000 00886cam a22002653a 4500
001 21805
003 PGUSA
005 20140828083450.0
008 070611s2007||||xxu|||||s|||||000 | eng d
040 _aPGUSA
_beng
042 _adc
050 4 _aD731
100 1 _aRoosevelt, Franklin D.
_q(Franklin Delano),
_d1882-1945
245 1 0 _aDay of Infamy Speech :
_bGiven before the US Congress December 8 1941
_h[electronic resource] /
_cFranklin D. Roosevelt
260 _bProject Gutenberg,
_c2007
500 _aAvailable as text and MP3 audio.
506 _aPublic domain in the USA.
516 _aElectronic text
653 _aWorld War, 1939-1945 -- Campaigns -- Pacific Area
653 _aPearl Harbor (Hawaii), Attack on, 1941
653 _aSpeeches, addresses, etc.
830 0 _aProject Gutenberg
_v21805
856 4 0 _uhttp://www.gutenberg.org/ebooks/21805
942 _cEB
999 _c251060
_d251060